00262nam a2200097Ia 4500008004000000082001700040100002600057245003200083260003900115300001000154210210b1975 xxu||||| |||| 00| 0 eng d a824.008 UNIA aUNIVERSITY OF MYSORE. aAnthology of english prose. aMysorebUniversity of Mysorec1975 av,138